[Event "zonal 3B"]
[Site "Stara Zagora BUL"]
[Date "1990.??.??"]
[Round "1"]
[White "Hracek, Zbynek"]
[Black "Bonsch, Uwe"]
[Result "0-1"]
[WhiteElo "2390"]
[BlackElo "2530"]
[EventDate "1990.02.??"]
[PlyCount "82"]

1.d4 Nf6 2.c4 e6 3.Nc3 d5 4.cxd5 exd5 5.Bg5 Be7 6.e3 O-O 7.Bd3 Nbd7 8.Nf3 
Re8 9.Qc2 c6 10.O-O Nf8 11.h3 g6 12.Ne5 N6d7 13.Bxe7 Qxe7 14.Nxd7 Bxd7 15.
Rae1 Ne6 16.f4 Ng7 17.g4 Qh4 18.Qg2 f5 19.g5 Re7 20.Re2 h6 21.gxh6 Qxh6 
22.b4 Kh7 23.Rf3 Nh5 24.Nd1 a5 25.bxa5 Rxa5 26.Rb2 b5 27.Qd2 Ra8 28.Qb4 
Qg7 29.Rg2 Qf6 30.a3 Rae8 31.Rg5 Kh6 32.Qd2 Qd6 33.Qg2 Rg7 34.Rfg3 Nxg3 
35.Qxg3 Kh7 36.h4 Ree7 37.Nf2 Qxa3 38.Kh2 Kg8 39.h5 gxh5 40.Qh4 Rxg5 41.
Qxg5+ Rg7 0-1

[Event "zonal 3B"]
[Site "Stara Zagora BUL"]
[Date "1990.??.??"]
[Round "1"]
[White "Ionescu, Constantin"]
[Black "Schneider, Attila"]
[Result "1/2-1/2"]
[WhiteElo "2455"]
[BlackElo "2425"]
[EventDate "1990.02.??"]
[PlyCount "58"]

1.d4 Nf6 2.c4 g6 3.Nc3 Bg7 4.e4 d6 5.f3 Nc6 6.Be3 O-O 7.Qd2 a6 8.Nge2 Rb8 
9.h4 h5 10.Bh6 b5 11.O-O-O e5 12.Bxg7 Kxg7 13.Nd5 b4 14.Ne3 Qe8 15.Kb1 Bd7
16.Rc1 b3 17.d5 bxa2+ 18.Ka1 Ne7 19.c5 Bb5 20.Ng3 Bxf1 21.Rhxf1 Nd7 22.
cxd6 cxd6 23.Nef5+ gxf5 24.Qg5+ Kh7 25.Qxh5+ Kg7 26.Qg5+ Kh7 27.Nxf5 Nxf5 
28.Qxf5+ Kg7 29.Qg5+ Kh7 1/2-1/2

[Event "zonal 3B"]
[Site "Stara Zagora BUL"]
[Date "1990.??.??"]
[Round "1"]
[White "Stohl, Igor"]
[Black "Knaak, Rainer"]
[Result "1-0"]
[WhiteElo "2530"]
[BlackElo "2500"]
[EventDate "1990.02.??"]
[PlyCount "43"]

1.Nf3 d5 2.d4 c6 3.c4 e6 4.Qc2 dxc4 5.Qxc4 b5 6.Qc2 Bb7 7.e4 Nd7 8.Nc3 Rc8
9.a3 Ne7 10.Be3 Ng6 11.Be2 a6 12.O-O c5 13.d5 Qc7 14.dxe6 fxe6 15.Ng5 Qc6 
16.Bg4 b4 17.Na4 Nf6 18.Bxe6 Rc7 19.Rad1 Bd6 20.Bd5 Nxd5 21.exd5 Qb5 22.
Ne6 1-0

[Event "zonal 3B"]
[Site "Stara Zagora BUL"]
[Date "1990.??.??"]
[Round "2"]
[White "Bonsch, Uwe"]
[Black "Marin, Mihail"]
[Result "1/2-1/2"]
[WhiteElo "2530"]
[BlackElo "2485"]
[EventDate "1990.02.??"]
[PlyCount "54"]

1.d4 Nf6 2.c4 c5 3.e3 g6 4.Nc3 Bg7 5.Nf3 O-O 6.Be2 d5 7.dxc5 Qa5 8.cxd5 
Nxd5 9.Qxd5 Bxc3+ 10.Bd2 Rd8 11.Bxc3 Qxc3+ 12.bxc3 Rxd5 13.Rd1 Rxc5 14.
Rd8+ Kg7 15.Nd4 Nd7 16.c4 Ne5 17.O-O a6 18.Rc1 Ra7 19.f4 Nd7 20.Bf3 e5 21.
Nb3 Rc7 22.c5 exf4 23.exf4 Nf8 24.Nd4 Ne6 25.Nxe6+ Bxe6 26.a3 a5 27.Kf2 a4
1/2-1/2

[Event "zonal 3B"]
[Site "Stara Zagora BUL"]
[Date "1990.??.??"]
[Round "2"]
[White "Knaak, Rainer"]
[Black "Georgiev, Krum"]
[Result "1/2-1/2"]
[WhiteElo "2500"]
[BlackElo "2455"]
[EventDate "1990.02.??"]
[PlyCount "176"]

1.d4 Nf6 2.c4 g6 3.Nc3 Bg7 4.e4 d6 5.f3 O-O 6.Be3 a6 7.Qd2 c6 8.a4 a5 9.
Bd3 e5 10.Nge2 Nbd7 11.Rd1 Re8 12.O-O Nf8 13.Bb1 Qc7 14.Ba2 Bd7 15.d5 c5 
16.Nb5 Bxb5 17.cxb5 h5 18.Bc4 Qd8 19.Nc3 N6h7 20.Bd3 Nd7 21.Nb1 Bf6 22.Na3
Nb6 23.b3 Bg5 24.Nc2 Bxe3+ 25.Nxe3 Qg5 26.Qf2 Kh8 27.h4 Qe7 28.Rfe1 Nf6 
29.Bf1 Ng8 30.g3 Nh6 31.Bh3 g5 32.hxg5 Qxg5 33.Kh1 Rg8 34.Rg1 Qf6 35.Rdf1 
Rg5 36.Rg2 Rag8 37.Rfg1 R8g6 38.Bf5 Nxf5 39.Nxf5 Rxf5 40.exf5 Qxf5 41.b4 
axb4 42.a5 Nc8 43.Qe2 b6 44.a6 Na7 45.Rh2 Kg7 46.Rh4 Rg5 47.Kh2 Qg6 48.Rg2
Kf8 49.Re4 Kg7 50.Rc4 Qf5 51.f4 Rg4 52.fxe5 Rxc4 53.Qxc4 Qxe5 54.Re2 Qg5 
55.Rf2 Qe5 56.Qd3 h4 57.Rf4 hxg3+ 58.Qxg3+ Kf8 59.Qf3 b3 60.Kg2 Qg7+ 61.
Rg4 Qb2+ 62.Kh3 Nxb5 63.Rf4 Qg7 64.Qxb3 Qh7+ 65.Kg2 Nd4 66.Qg3 Qh5 67.Rxd4
cxd4 68.Qxd6+ Kg7 69.Qg3+ Kf8 70.Qd6+ Kg7 71.Qg3+ Kf8 72.Qf3 Qg6+ 73.Kh3 
Qh6+ 74.Kg4 Qg6+ 75.Kh4 Qd6 76.Qe4 Qh2+ 77.Kg4 Qg1+ 78.Kh4 Qh2+ 79.Kg4 
Qg1+ 80.Kh5 Qh2+ 81.Kg5 Qg3+ 82.Kf5 Qa3 83.Kf6 Qd6+ 84.Kg5 Qg3+ 85.Kf5 Qa3
86.Qxd4 Qxa6 87.Qh8+ Ke7 88.Qf6+ Ke8 1/2-1/2

[Event "zonal 3B"]
[Site "Stara Zagora BUL"]
[Date "1990.??.??"]
[Round "2"]
[White "Palkovi, Jozsef"]
[Black "Ionescu, Constantin"]
[Result "1/2-1/2"]
[WhiteElo "2440"]
[BlackElo "2455"]
[EventDate "1990.02.??"]
[PlyCount "159"]

1.e4 e5 2.Nf3 Nc6 3.Bb5 Nf6 4.O-O Bc5 5.Nxe5 Nxe5 6.d4 a6 7.Ba4 Nxe4 8.Qe2
Be7 9.Qxe4 Ng6 10.Nc3 O-O 11.f4 f5 12.Qf3 c6 13.d5 Kh8 14.Be3 c5 15.Bb3 d6
16.a4 Bf6 17.Bd2 b6 18.Bc4 Ne7 19.Kh1 Bd7 20.Rfe1 Ng8 21.Qd3 Bd4 22.Be3 
Bxc3 23.bxc3 b5 24.axb5 axb5 25.Bxb5 Bxb5 26.Qxb5 Nf6 27.Qd3 Rxa1 28.Rxa1 
Qe7 29.Bf2 Ne4 30.Be1 Rb8 31.Qb5 Qc7 32.Qc6 Qxc6 33.dxc6 Rc8 34.c4 Kg8 35.
Ra6 Kf7 36.Kg1 h6 37.h4 h5 38.Kf1 Ke6 39.Ba5 g6 40.Ke2 Nf6 41.Kd2 Ng8 42.
c7 Ne7 43.Bb6 Kd7 44.Ra3 Rf8 45.Rd3 Kc6 46.Re3 Nc8 47.Ba5 Kd7 48.Rg3 Ne7 
49.Re3 Nc6 50.Bc3 Kxc7 51.Re6 Rg8 52.Rf6 Kd7 53.Rf7+ Ke6 54.Rc7 Ne7 55.Rb7
Rd8 56.Rb6 Rd7 57.Ke2 Ra7 58.Kd3 Kd7 59.Rb8 Nc8 60.Rb1 Kc6 61.Re1 Re7 62.
Rxe7 Nxe7 63.Bf6 Nc8 64.Bd8 Kd7 65.Ba5 Ne7 66.Bd2 Nc6 67.Bc3 Kc7 68.Bd2 
Nd4 69.Be3 Ne6 70.Bd2 Kb6 71.Ke3 Kb7 72.Kd3 Kc6 73.Be3 Nf8 74.Bd2 Nd7 75.
Ba5 Nf6 76.Bc3 Ne4 77.Be1 Kb6 78.Bc3 Kb7 79.Ba5 Kc6 80.Be1 1/2-1/2

[Event "zonal 3B"]
[Site "Stara Zagora BUL"]
[Date "1990.??.??"]
[Round "3"]
[White "Inkiov, Ventzislav"]
[Black "Bonsch, Uwe"]
[Result "1-0"]
[WhiteElo "2510"]
[BlackElo "2530"]
[EventDate "1990.02.??"]
[PlyCount "91"]

1.c4 e6 2.Nf3 Nf6 3.g3 d5 4.Bg2 Be7 5.O-O O-O 6.d4 dxc4 7.Qc2 a6 8.Qxc4 b5
9.Qc2 Bb7 10.Bf4 Nd5 11.Nc3 Nxf4 12.gxf4 Ra7 13.Rfd1 Bd6 14.Ng5 g6 15.Bxb7
Rxb7 16.Qe4 c6 17.Qf3 Be7 18.Nge4 b4 19.Nc5 Rb6 20.N3a4 Rb5 21.Rac1 Qc7 
22.b3 a5 23.e3 Rc8 24.Rc2 Qd8 25.Rdc1 Bf8 26.Nd3 Bd6 27.Nac5 Bxc5 28.Rxc5 
Rxc5 29.Rxc5 Nd7 30.Rxc6 Nf6 31.Ne5 Nd5 32.Rc4 a4 33.Kg2 a3 34.e4 Rxc4 35.
bxc4 Nc3 36.d5 exd5 37.cxd5 Qf6 38.Nc6 Nxa2 39.e5 Qh4 40.d6 Nc3 41.d7 a2 
42.Qg3 Qxg3+ 43.hxg3 a1=Q 44.d8=Q+ Kg7 45.Qf6+ Kg8 46.e6 1-0

[Event "zonal 3B"]
[Site "Stara Zagora BUL"]
[Date "1990.??.??"]
[Round "4"]
[White "Bonsch, Uwe"]
[Black "Stohl, Igor"]
[Result "0-1"]
[WhiteElo "2530"]
[BlackElo "2530"]
[EventDate "1990.02.??"]
[PlyCount "62"]

1.Nf3 g6 2.c4 Bg7 3.Nc3 c5 4.d4 cxd4 5.Nxd4 Nc6 6.Nc2 Bxc3+ 7.bxc3 Qa5 8.
Bd2 Nf6 9.f3 d6 10.e4 O-O 11.Ne3 b6 12.Be2 Ba6 13.Rb1 Qc5 14.O-O Rac8 15.
Kh1 Rfe8 16.Qe1 Na5 17.Rb4 Qe5 18.Bd3 Qe6 19.f4 Rc5 20.f5 Qc8 21.Qh4 Nc6 
22.Nd5 Nxd5 23.exd5 Ne5 24.Bg5 Nxd3 25.f6 exf6 26.Bxf6 Re5 27.Bxe5 Nxe5 
28.Qe7 Qc7 29.Qe8+ Kg7 30.h3 Bxc4 31.Rf4 Bxd5 0-1

[Event "zonal 3B"]
[Site "Stara Zagora BUL"]
[Date "1990.??.??"]
[Round "4"]
[White "Hracek, Zbynek"]
[Black "Marin, Mihail"]
[Result "1-0"]
[WhiteElo "2390"]
[BlackElo "2485"]
[EventDate "1990.02.??"]
[PlyCount "68"]

1.e4 e5 2.Nf3 Nc6 3.Bb5 a6 4.Ba4 Nf6 5.Qe2 b5 6.Bb3 Bc5 7.c3 O-O 8.d3 h6 
9.Be3 Bxe3 10.fxe3 d5 11.exd5 Nxd5 12.Nbd2 Na5 13.Bc2 c5 14.O-O Nc6 15.Qf2
Qe7 16.Rae1 b4 17.c4 Nb6 18.d4 f5 19.d5 Na5 20.b3 Rf6 21.Qg3 e4 22.Ne5 Nb7
23.Bxe4 fxe4 24.Ng6 Rxf1+ 25.Rxf1 Qg5 26.Qxg5 hxg5 27.Nxe4 Kh7 28.Ne7 Kh6 
29.Ng8+ Kh7 30.Ne7 Kh6 31.h4 gxh4 32.Rf4 Kh5 33.Rf7 Bd7 34.Rxg7 Rf8 1-0

[Event "zonal 3B"]
[Site "Stara Zagora BUL"]
[Date "1990.??.??"]
[Round "4"]
[White "Knaak, Rainer"]
[Black "Schneider, Attila"]
[Result "1-0"]
[WhiteElo "2500"]
[BlackElo "2425"]
[EventDate "1990.02.??"]
[PlyCount "93"]

1.d4 Nf6 2.c4 e6 3.Nc3 c5 4.d5 exd5 5.cxd5 d6 6.e4 g6 7.Bd3 Bg7 8.Nge2 O-O
9.O-O Ng4 10.h3 Ne5 11.Bc2 Na6 12.a3 Rb8 13.f4 Nc4 14.Bd3 Nxb2 15.Bxb2 c4 
16.Bxc4 Qb6+ 17.Kh1 Qxb2 18.Bxa6 Bxc3 19.Nxc3 Qxc3 20.Bd3 Bd7 21.Rf3 Qd4 
22.Rb1 Rfc8 23.f5 Rc3 24.Qd2 gxf5 25.Qh6 Rxd3 26.Qxd6 Rc8 27.Qxd7 Rcc3 28.
Rxd3 Rxd3 29.Qd8+ Kg7 30.Qg5+ Kf8 31.Qd8+ Kg7 32.Qg5+ Kf8 33.Qxf5 Rd1+ 34.
Rxd1 Qxd1+ 35.Kh2 Qa1 36.e5 Qxa3 37.Qf6 Kg8 38.d6 Qa4 39.Qg5+ Kf8 40.Qd8+ 
Qe8 41.Qf6 Kg8 42.h4 h6 43.Qe7 Qa4 44.d7 Qf4+ 45.Kh3 Qf5+ 46.Kg3 Qd3+ 47.
Kh2 1-0

[Event "zonal 3B"]
[Site "Stara Zagora BUL"]
[Date "1990.??.??"]
[Round "4"]
[White "Sznapik, Aleksander"]
[Black "Georgiev, Krum"]
[Result "1/2-1/2"]
[WhiteElo "2485"]
[BlackElo "2455"]
[EventDate "1990.02.??"]
[PlyCount "32"]

1.e4 e5 2.Nf3 Nc6 3.Bb5 g6 4.c3 Nge7 5.d4 exd4 6.cxd4 d5 7.exd5 Nxd5 8.O-O
Bg7 9.Re1+ Be6 10.Bg5 Qd6 11.Nbd2 O-O 12.Ne4 Qb4 13.Bxc6 bxc6 14.Qc1 Rfe8 
15.a3 Qb5 16.Qd2 f6 1/2-1/2

[Event "zonal 3B"]
[Site "Stara Zagora BUL"]
[Date "1990.??.??"]
[Round "5"]
[White "Georgiev, Krum"]
[Black "Bonsch, Uwe"]
[Result "1/2-1/2"]
[WhiteElo "2455"]
[BlackElo "2530"]
[EventDate "1990.02.??"]
[PlyCount "29"]

1.e4 c5 2.Nf3 e6 3.b3 d6 4.Bb2 Nf6 5.e5 dxe5 6.Nxe5 Be7 7.g3 Qd5 8.Qf3 
Qxf3 9.Nxf3 Nc6 10.Bg2 O-O 11.O-O Rd8 12.a4 Bd7 13.Na3 Rac8 14.Rfe1 Be8 
15.Rad1 1/2-1/2

[Event "zonal 3B"]
[Site "Stara Zagora BUL"]
[Date "1990.??.??"]
[Round "5"]
[White "Inkiov, Ventzislav"]
[Black "Hracek, Zbynek"]
[Result "1/2-1/2"]
[WhiteElo "2510"]
[BlackElo "2390"]
[EventDate "1990.02.??"]
[PlyCount "83"]

1.d4 Nf6 2.c4 e6 3.Nf3 Bb4+ 4.Nbd2 b6 5.g3 Bb7 6.Bg2 O-O 7.O-O d5 8.cxd5 
exd5 9.Ne5 Nbd7 10.Ndf3 Nxe5 11.Nxe5 Bd6 12.Nd3 Re8 13.Bf4 c5 14.Bxd6 Qxd6
15.dxc5 bxc5 16.Rc1 Rac8 17.Qd2 Ne4 18.Qf4 Qe7 19.Rc2 Rc6 20.Qc1 c4 21.Ne1
Qc5 22.Nf3 Rf6 23.Qd1 Qa5 24.Nd2 Nd6 25.b3 Ba6 26.Nf3 Ne4 27.Qd4 Qb6 28.
bxc4 Bxc4 29.Rb2 Qxd4 30.Nxd4 Rb6 31.Rc2 g6 32.Rd1 Nf6 33.e3 Reb8 34.e4 
Rb1 35.Rcc1 Bxa2 36.Nc6 Rxc1 37.Rxc1 Rb1 38.Rxb1 Bxb1 39.exd5 a6 40.d6 Kf8
41.Bf1 Bf5 42.Ne5 1/2-1/2

[Event "zonal 3B"]
[Site "Stara Zagora BUL"]
[Date "1990.??.??"]
[Round "5"]
[White "Palkovi, Jozsef"]
[Black "Knaak, Rainer"]
[Result "1/2-1/2"]
[WhiteElo "2440"]
[BlackElo "2500"]
[EventDate "1990.02.??"]
[PlyCount "95"]

1.e4 e6 2.d4 d5 3.Nc3 Nf6 4.e5 Nfd7 5.f4 c5 6.Nf3 Nc6 7.Be3 cxd4 8.Nxd4 
Bc5 9.Qd2 O-O 10.Nb3 Bxe3 11.Qxe3 f6 12.exf6 Qxf6 13.O-O-O Qxf4 14.Qxf4 
Rxf4 15.g3 Rf2 16.Bh3 Nf8 17.Nc5 b6 18.Nd3 Rf6 19.Rd2 Ba6 20.Nf4 Rh6 21.
Bg2 g5 22.Nh3 Rg6 23.Re1 Rc8 24.a3 Rc7 25.Rf2 Rf7 26.Rd2 Kg7 27.b3 Ne7 28.
Nd1 h5 29.Ndf2 Kh6 30.Bf1 Bxf1 31.Rxf1 Rgf6 32.Re1 Neg6 33.Nd3 Nd7 34.c4 
Rf1 35.cxd5 exd5 36.Rxf1 Rxf1+ 37.Kc2 Nf6 38.Re2 Rh1 39.Kc3 Ng4 40.Nhf2 
Nxf2 41.Rxf2 h4 42.Rf6 Kg7 43.Rf5 h3 44.Rxg5 Kh6 45.Rxd5 Rxh2 46.g4 Kg7 
47.Rh5 Kf6 48.Kb4 1/2-1/2

[Event "zonal 3B"]
[Site "Stara Zagora BUL"]
[Date "1990.??.??"]
[Round "6"]
[White "Bonsch, Uwe"]
[Black "Ionescu, Constantin"]
[Result "1/2-1/2"]
[WhiteElo "2530"]
[BlackElo "2455"]
[EventDate "1990.02.??"]
[PlyCount "39"]

1.d4 Nf6 2.c4 c5 3.d5 d6 4.Nc3 g6 5.e4 Bg7 6.Bd3 O-O 7.Nge2 e6 8.O-O Ng4 
9.h3 Ne5 10.f4 Nxd3 11.Qxd3 exd5 12.exd5 Na6 13.a3 Nc7 14.Ng3 f5 15.Be3 
Re8 16.Bf2 a5 17.Rab1 Bd7 18.Nge2 b6 19.Rfe1 Qf6 20.Kh1 1/2-1/2

[Event "zonal 3B"]
[Site "Stara Zagora BUL"]
[Date "1990.??.??"]
[Round "6"]
[White "Hracek, Zbynek"]
[Black "Stohl, Igor"]
[Result "0-1"]
[WhiteElo "2390"]
[BlackElo "2530"]
[EventDate "1990.02.??"]
[PlyCount "100"]

1.e4 c5 2.Nc3 Nc6 3.g3 g6 4.Bg2 Bg7 5.d3 d6 6.Nh3 e5 7.f4 Nge7 8.O-O exf4 
9.Nxf4 O-O 10.Be3 b5 11.Ncd5 b4 12.c3 bxc3 13.bxc3 Nxd5 14.Nxd5 Be6 15.d4 
cxd4 16.cxd4 Bxd5 17.exd5 Ne7 18.Bf2 Qd7 19.Qd3 Rab8 20.Rab1 Qa4 21.Rb3 
Qxa2 22.Ra3 Qb2 23.Rxa7 Nf5 24.Rd7 Rb3 25.Qe4 Rb4 26.Bh3 Nxd4 27.Qe7 Nf3+ 
28.Kg2 Nd2 29.Re1 Bf6 30.Qxd6 Ne4 31.Qf4 Nc5 32.Qf3 Nxd7 33.Bxd7 Rb3 34.
Qe4 Rb4 35.Qf3 Bd4 36.Re2 Qa1 37.Be8 Rb2 38.Bxd4 Rxe2+ 39.Qxe2 Qxd4 40.Bc6
Rb8 41.Kh3 Kg7 42.Qe7 h5 43.Bb7 Qf6 44.Qxf6+ Kxf6 45.Bc6 Rb2 46.d6 g5 47.
g4 hxg4+ 48.Kg3 Rd2 49.d7 Rd4 50.Bb5 Ke7 0-1

[Event "zonal 3B"]
[Site "Stara Zagora BUL"]
[Date "1990.??.??"]
[Round "6"]
[White "Sznapik, Aleksander"]
[Black "Schneider, Attila"]
[Result "0-1"]
[WhiteElo "2485"]
[BlackElo "2425"]
[EventDate "1990.02.??"]
[PlyCount "96"]

1.e4 c5 2.Nf3 d6 3.d4 cxd4 4.Nxd4 Nf6 5.Nc3 g6 6.Be3 Bg7 7.f3 O-O 8.Qd2 
Nc6 9.Bc4 Bd7 10.h4 Ne5 11.Bb3 Rc8 12.O-O-O Nc4 13.Bxc4 Rxc4 14.h5 Nxh5 
15.g4 Nf6 16.Bh6 Nxe4 17.Qe3 Rxc3 18.bxc3 Nf6 19.Bxg7 Kxg7 20.Rh2 Rg8 21.
Ne2 Kh8 22.Ng3 Be6 23.g5 Nd7 24.Qd4+ Rg7 25.Rdh1 Nf8 26.Qxa7 Qc7 27.Qd4 
Qa5 28.Ne4 Bxa2 29.Kd2 Qf5 30.Ke2 d5 31.Nd2 Qxc2 32.Ke3 Qf5 33.f4 f6 34.
Nf3 Bc4 35.Nh4 Qe6+ 36.Kd2 Kg8 37.Re1 Qa6 38.Rc1 Ne6 39.Qe3 fxg5 40.fxg5 
Qd6 41.Nf3 Nc5 42.Rb1 Rf7 43.Rg2 b5 44.Rg4 Ne4+ 45.Kc2 Qa3 46.Rb4 d4 47.
Qxd4 Qa2+ 48.Kc1 Rxf3 0-1

[Event "zonal 3B"]
[Site "Stara Zagora BUL"]
[Date "1990.??.??"]
[Round "7"]
[White "Georgiev, Krum"]
[Black "Hracek, Zbynek"]
[Result "0-1"]
[WhiteElo "2455"]
[BlackElo "2390"]
[EventDate "1990.02.??"]
[PlyCount "76"]

1.e4 c5 2.Nf3 d6 3.c4 Bg4 4.Be2 Bxf3 5.Bxf3 Nc6 6.O-O g6 7.g3 Bg7 8.Bg2 e6
9.Nc3 Nge7 10.d3 O-O 11.Be3 a6 12.Qd2 Nd4 13.f4 Rb8 14.Kh1 b5 15.Rae1 Nec6
16.f5 Re8 17.b3 b4 18.Na4 Ne5 19.Bg5 Bf6 20.Be3 Ng4 21.Bg1 g5 22.Qd1 Ne5 
23.Be3 g4 24.h3 Bg5 25.Bf4 Bxf4 26.gxf4 Nef3 27.Bxf3 gxf3 28.Rxf3 Nxf3 29.
Qxf3 exf5 30.e5 Kh8 31.Qf2 Re6 32.d4 cxd4 33.Qxd4 dxe5 34.Qb2 Qd4 35.Qg2 
Rg8 36.Qf3 Qxf4 37.Qe2 Qg3 38.Qf1 Rh6 0-1

[Event "zonal 3B"]
[Site "Stara Zagora BUL"]
[Date "1990.??.??"]
[Round "7"]
[White "Palkovi, Jozsef"]
[Black "Sznapik, Aleksander"]
[Result "1/2-1/2"]
[WhiteElo "2440"]
[BlackElo "2485"]
[EventDate "1990.02.??"]
[PlyCount "21"]

1.e4 d6 2.d4 Nf6 3.Nc3 g6 4.f4 Bg7 5.Nf3 O-O 6.e5 dxe5 7.dxe5 Qxd1+ 8.Kxd1
Ng4 9.Ke1 Nc6 10.h3 Nh6 11.Be3 1/2-1/2

[Event "zonal 3B"]
[Site "Stara Zagora BUL"]
[Date "1990.??.??"]
[Round "7"]
[White "Schneider, Attila"]
[Black "Bonsch, Uwe"]
[Result "1-0"]
[WhiteElo "2425"]
[BlackElo "2530"]
[EventDate "1990.02.??"]
[PlyCount "77"]

1.d4 Nf6 2.c4 e6 3.Nc3 d5 4.Nf3 Be7 5.Bg5 h6 6.Bh4 O-O 7.e3 b6 8.Bd3 Bb7 
9.O-O c5 10.Rc1 Nbd7 11.Qe2 Ne4 12.Bg3 Nxg3 13.hxg3 cxd4 14.exd4 dxc4 15.
Bxc4 Bg5 16.Rcd1 Re8 17.Ne5 Nxe5 18.dxe5 Qc7 19.Nb5 Qc6 20.f4 Be7 21.Kh2 
Red8 22.f5 exf5 23.Nd4 Qe4 24.Nxf5 Rxd1 25.Nxe7+ Kf8 26.Ng6+ Kg8 27.Bxf7+ 
Kh7 28.Qxe4 Bxe4 29.Rxd1 Bxg6 30.e6 Bxf7 31.exf7 Kg6 32.Rd7 Kf6 33.Rxa7 
Rf8 34.Rb7 Ke5 35.a4 Kd5 36.Rxb6 Rxf7 37.a5 Rf1 38.b4 h5 39.a6 1-0

[Event "zonal 3B"]
[Site "Stara Zagora BUL"]
[Date "1990.??.??"]
[Round "8"]
[White "Bonsch, Uwe"]
[Black "Palkovi, Jozsef"]
[Result "1/2-1/2"]
[WhiteElo "2530"]
[BlackElo "2440"]
[EventDate "1990.02.??"]
[PlyCount "92"]

1.d4 Nf6 2.c4 e6 3.Nc3 Bb4 4.Qc2 O-O 5.Nf3 c5 6.dxc5 Na6 7.g3 Nxc5 8.Bg2 
Nce4 9.Bd2 Nxd2 10.Nxd2 d5 11.O-O Bd7 12.cxd5 exd5 13.a3 Bxc3 14.Qxc3 Qb6 
15.Qb3 Bb5 16.Rfe1 Rfe8 17.e3 Ne4 18.Nxe4 dxe4 19.Rac1 Rad8 20.Qb4 Bc6 21.
Qxb6 axb6 22.b4 b5 23.Rc5 Rd3 24.Ra1 Red8 25.Bf1 R3d5 26.Rac1 g6 27.g4 h6 
28.h4 Kg7 29.g5 hxg5 30.hxg5 Kf8 31.Kg2 Be8 32.Kg3 b6 33.Rxd5 Rxd5 34.Rc8 
Ke7 35.Rb8 Rxg5+ 36.Kh2 Rf5 37.Kg1 Bd7 38.Bg2 Rg5 39.Kf1 Re5 40.Rxb6 Bg4 
41.Kg1 Bf3 42.Bxf3 exf3 43.Kh2 Rg5 44.Kh3 f6 45.e4 Kf7 46.Rb7+ Ke6 1/2-1/2

[Event "zonal 3B"]
[Site "Stara Zagora BUL"]
[Date "1990.??.??"]
[Round "8"]
[White "Hracek, Zbynek"]
[Black "Ionescu, Constantin"]
[Result "1-0"]
[WhiteElo "2390"]
[BlackElo "2455"]
[EventDate "1990.02.??"]
[PlyCount "127"]

1.e4 c5 2.Nf3 e6 3.c3 Nf6 4.e5 Nd5 5.d4 cxd4 6.cxd4 d6 7.Bc4 Nb6 8.Bd3 Bd7
9.Nc3 Bc6 10.O-O N8d7 11.Be4 Bxe4 12.Nxe4 dxe5 13.Bg5 Qb8 14.dxe5 Nd5 15.
Rc1 h6 16.Bh4 Be7 17.Qd4 a6 18.Rfd1 Bxh4 19.Rc8+ Qxc8 20.Nd6+ Kf8 21.Nxc8 
Bxf2+ 22.Qxf2 Rxc8 23.h3 Ke7 24.Kh2 Rhd8 25.Rf1 Rc4 26.Nd2 Rf4 27.Qg3 Rxf1
28.Nxf1 Kf8 29.Qa3+ Ke8 30.Ng3 Nxe5 31.Ne4 Rd7 32.Nd6+ Kd8 33.Qc5 b6 34.
Qc8+ Ke7 35.Ne4 f5 36.Ng3 a5 37.Qg8 Nf6 38.Qxg7+ Nf7 39.Ne2 e5 40.Ng3 f4 
41.Nf5+ Ke6 42.Qg6 Nd6 43.Nxh6 Rc7 44.a4 Rc5 45.Ng4 Ne4 46.h4 Rc8 47.Nh6 
Rc7 48.Qf5+ Kd5 49.Ng4 Nxg4+ 50.Qxg4 Rc6 51.Qd1+ Ke6 52.Qf3 Rc4 53.h5 Kf6 
54.h6 Nd6 55.Qd5 Rd4 56.Qg8 Nf7 57.h7 Rb4 58.h8=Q+ Nxh8 59.Qxh8+ Kf5 60.
Qh7+ Ke6 61.Qg8+ Kd6 62.b3 Kc5 63.Qc8+ Kd4 64.Qc2 1-0

[Event "zonal 3B"]
[Site "Stara Zagora BUL"]
[Date "1990.??.??"]
[Round "8"]
[White "Inkiov, Ventzislav"]
[Black "Stohl, Igor"]
[Result "1/2-1/2"]
[WhiteElo "2510"]
[BlackElo "2530"]
[EventDate "1990.02.??"]
[PlyCount "74"]

1.e4 c6 2.d4 d5 3.exd5 cxd5 4.c4 Nf6 5.Nc3 e6 6.Nf3 Bb4 7.Bd3 dxc4 8.Bxc4 
O-O 9.O-O Nc6 10.Bg5 Be7 11.Re1 a6 12.Bd3 b5 13.a4 bxa4 14.Bxf6 Bxf6 15.
Be4 Bb7 16.Qxa4 Qb6 17.Rad1 Nb4 18.Ne5 Bxe5 19.dxe5 Rad8 20.Qb3 Bxe4 21.
Nxe4 Nd5 22.Qa3 Rb8 23.Rd2 Rfc8 24.Qf3 Qb4 25.h3 Qe7 26.Ra1 Rb6 27.Kh2 h6 
28.Ra4 Rcb8 29.Rxd5 exd5 30.Nf6+ Kh8 31.Nxd5 Qe6 32.Nxb6 Rxb6 33.Qc3 Rb5 
34.Ra5 Rxa5 35.Qxa5 Qc4 36.Qd2 Qe4 37.f3 Qxe5+ 1/2-1/2

[Event "zonal 3B"]
[Site "Stara Zagora BUL"]
[Date "1990.??.??"]
[Round "8"]
[White "Sznapik, Aleksander"]
[Black "Knaak, Rainer"]
[Result "1/2-1/2"]
[WhiteElo "2485"]
[BlackElo "2500"]
[EventDate "1990.02.??"]
[PlyCount "99"]

1.e4 e6 2.d4 d5 3.Nc3 Nf6 4.Bg5 Bb4 5.e5 h6 6.Bd2 Bxc3 7.bxc3 Ne4 8.Qg4 g6
9.h4 c5 10.Nf3 Nc6 11.Bd3 Nxd2 12.Kxd2 Bd7 13.Qf4 Qe7 14.Rab1 O-O-O 15.
dxc5 Qxc5 16.Nd4 f5 17.Rb5 Qe7 18.Rhb1 b6 19.Rxd5 g5 20.Nxc6 Bxc6 21.Rxd8+
Rxd8 22.hxg5 hxg5 23.Qc4 Kc7 24.f3 Rd5 25.Re1 a5 26.a4 Qc5 27.Qxc5 Rxc5 
28.c4 f4 29.Kc3 Bxa4 30.Kd4 Bc6 31.Rh1 a4 32.Ra1 Ra5 33.Ra3 Kd7 34.Ra1 a3 
35.Kc3 g4 36.fxg4 Rxe5 37.Rxa3 Bxg2 38.Ra7+ Kd6 39.Rf7 f3 40.Rf4 Rg5 41.
Kd2 e5 42.Rf6+ Kc5 43.Ke3 Rxg4 44.Re6 Rg5 45.Rh6 f2 46.Kxf2 Bc6 47.Re6 Bd7
48.Rh6 Rg4 49.Ke3 Bc6 50.Rh5 1/2-1/2

[Event "zonal 3B"]
[Site "Stara Zagora BUL"]
[Date "1990.??.??"]
[Round "9"]
[White "Georgiev, Krum"]
[Black "Inkiov, Ventzislav"]
[Result "1/2-1/2"]
[WhiteElo "2455"]
[BlackElo "2510"]
[EventDate "1990.02.??"]
[PlyCount "20"]

1.e4 e5 2.Nf3 Nf6 3.d4 Nxe4 4.Bd3 d5 5.Nxe5 Be7 6.O-O O-O 7.c4 c6 8.Nc3 
Nf6 9.Re1 Be6 10.Bf4 Nbd7 1/2-1/2

[Event "zonal 3B"]
[Site "Stara Zagora BUL"]
[Date "1990.??.??"]
[Round "9"]
[White "Ionescu, Constantin"]
[Black "Marin, Mihail"]
[Result "1/2-1/2"]
[WhiteElo "2455"]
[BlackElo "2485"]
[EventDate "1990.02.??"]
[PlyCount "26"]

1.d4 d5 2.c4 c6 3.cxd5 cxd5 4.Nc3 Nc6 5.Nf3 Nf6 6.Bf4 Bf5 7.e3 e6 8.Bd3 
Bxd3 9.Qxd3 Bd6 10.Bxd6 Qxd6 11.O-O O-O 12.Rfc1 Rfc8 13.h3 h6 1/2-1/2

[Event "zonal 3B"]
[Site "Stara Zagora BUL"]
[Date "1990.??.??"]
[Round "9"]
[White "Schneider, Attila"]
[Black "Hracek, Zbynek"]
[Result "0-1"]
[WhiteElo "2425"]
[BlackElo "2390"]
[EventDate "1990.02.??"]
[PlyCount "86"]

1.d4 Nf6 2.c4 e6 3.Nc3 Bb4 4.e3 O-O 5.Bd3 c5 6.Nf3 d6 7.Bd2 b6 8.a3 Bxc3 
9.Bxc3 Bb7 10.Qc2 Nbd7 11.O-O-O Rc8 12.d5 exd5 13.cxd5 h6 14.e4 c4 15.Bf1 
Nc5 16.Nd2 b5 17.g4 Re8 18.f3 a5 19.Kb1 Nfd7 20.h4 Ne5 21.g5 h5 22.Bh3 Rb8
23.g6 f6 24.Bxe5 dxe5 25.Nf1 Ba6 26.b4 axb4 27.axb4 Nd3 28.Rxd3 cxd3 29.
Qxd3 Bc8 30.Ne3 Bxh3 31.Rxh3 Qd6 32.Qb3 Ra8 33.Nf5 Qa6 34.d6+ Kh8 35.Qb2 
Qa4 36.Rh1 Rec8 37.Rc1 Rxc1+ 38.Kxc1 Rc8+ 39.Kd2 Qa7 40.Qb3 Qf2+ 41.Kd3 
Qxf3+ 42.Ne3 Rc4 43.Qa2 Rd4+ 0-1

[Event "zonal 3B"]
[Site "Stara Zagora BUL"]
[Date "1990.??.??"]
[Round "10"]
[White "Hracek, Zbynek"]
[Black "Palkovi, Jozsef"]
[Result "1-0"]
[WhiteElo "2390"]
[BlackElo "2440"]
[EventDate "1990.02.??"]
[PlyCount "111"]

1.d4 Nf6 2.Nf3 e6 3.c4 c5 4.d5 exd5 5.cxd5 d6 6.Nc3 g6 7.e4 Bg7 8.Bb5+ Bd7
9.Bxd7+ Nbxd7 10.O-O O-O 11.Bg5 h6 12.Bh4 Qb6 13.Qc2 Rfe8 14.Nd2 Ne5 15.f4
Neg4 16.Nd1 c4+ 17.Kh1 Ne3 18.Nxe3 Qxe3 19.Rf3 Qc5 20.Bxf6 Bxf6 21.e5 dxe5
22.Ne4 Qe7 23.f5 gxf5 24.Rxf5 Bg7 25.Raf1 Rf8 26.Qxc4 Rac8 27.d6 Qd7 28.
Qd3 f6 29.h4 Qf7 30.Qg3 Kh7 31.Nxf6+ Bxf6 32.Rxf6 Qxf6 33.Rxf6 Rxf6 34.
Qxe5 Rff8 35.Qe4+ Kg7 36.Qxb7+ Kg6 37.Qxa7 Rc1+ 38.Kh2 Rd1 39.Qe7 Rff1 40.
Qe4+ Kg7 41.d7 Kf6 42.Qh7 Ke6 43.d8=N+ Rxd8 44.Qxh6+ Rf6 45.Qe3+ Kf7 46.b4
Rh8 47.Kh3 Re8 48.Qb3+ Kg7 49.b5 Rfe6 50.Qc3+ Kh6 51.g3 Re1 52.Qf3 R8e3 
53.Qf6+ Kh7 54.Qf5+ Kh6 55.b6 Rh1+ 56.Kg4 1-0

[Event "zonal 3B"]
[Site "Stara Zagora BUL"]
[Date "1990.??.??"]
[Round "10"]
[White "Inkiov, Ventzislav"]
[Black "Ionescu, Constantin"]
[Result "1/2-1/2"]
[WhiteElo "2510"]
[BlackElo "2455"]
[EventDate "1990.02.??"]
[PlyCount "59"]

1.e4 e5 2.Bc4 Nf6 3.d3 Nc6 4.Nf3 Bc5 5.O-O d6 6.c3 O-O 7.Bb3 a6 8.Nbd2 Ba7
9.Nc4 Ne7 10.Bg5 Kh8 11.Ne3 Ng4 12.Nxg4 Bxg4 13.h3 Bd7 14.d4 f6 15.Be3 Ng6
16.Qd2 Qe8 17.Rfe1 Be6 18.Bxe6 Qxe6 19.d5 Qd7 20.Bxa7 Rxa7 21.c4 Raa8 22.
Rac1 h6 23.c5 f5 24.Qc2 Nf4 25.Nh4 fxe4 26.Rxe4 Rf6 27.cxd6 cxd6 28.Rc4 
Raf8 29.Rxf4 Rxf4 30.Ng6+ 1/2-1/2

[Event "zonal 3B"]
[Site "Stara Zagora BUL"]
[Date "1990.??.??"]
[Round "10"]
[White "Stohl, Igor"]
[Black "Georgiev, Krum"]
[Result "1/2-1/2"]
[WhiteElo "2530"]
[BlackElo "2455"]
[EventDate "1990.02.??"]
[PlyCount "43"]

1.d4 Nf6 2.c4 g6 3.g3 Bg7 4.Bg2 O-O 5.Nc3 d6 6.Nf3 c6 7.O-O a6 8.e4 Nfd7 
9.Be3 b5 10.Nd2 Bb7 11.Qc2 e5 12.d5 b4 13.Na4 a5 14.c5 cxd5 15.exd5 Nxc5 
16.Nxc5 dxc5 17.Bxc5 Re8 18.Nc4 Nd7 19.Be3 Rc8 20.Rfd1 e4 21.Qb3 Nc5 22.
Bxc5 1/2-1/2